Ako sa stať príťažlivým pre ľudí

Saved in:
Bibliographic Details
Main Author Reklau, Marc
Format Electronic eBook
LanguageCzech
Published Grada SK 2024
Edition1. elektronické vydání
Subjects
Online AccessDostupné v BOOKPORT po přihlášení pomocí eduID
ISBN978-80-8090-860-7
978-80-8090-858-4
Physical Description1 online zdroj (192 stran)

Cover

LEADER 00000nam a2200000 i 4500
001 bkp100330
003 CZ-prgp
005 20240816122430.0
006 m o d
007 cr cn
008 240816s2024 xr o 000 0 cze
020 |a 978-80-8090-860-7  |c 351 Kč  |q (online ; epub) 
020 |a 978-80-8090-858-4  |c 412 Kč  |q (print) 
040 |a Grada  |b cze  |e rda 
100 1 |a Reklau, Marc 
245 1 0 |a Ako sa stať príťažlivým pre ľudí  |c Marc Reklau 
250 |a 1. elektronické vydání 
264 1 |b Grada SK  |c 2024 
300 |a 1 online zdroj (192 stran) 
336 |a text  |b txt  |2 rdacontent 
337 |a počítač  |b c  |2 rdamedia 
338 |a online zdroj  |b cr  |2 rdacarrier 
520 3 |a Získajte si rešpekt a obdiv, naučte sa budovať silné vzťahy a efektívne komunikovať. Spoločenská príťažlivosť nie je mágia pre vyvolených, ale zručnosť, v ktorej sa môže zlepšiť každý z nás. 
650 0 4 |a Osobní rozvoj a poznání 
650 0 4 |a Komunikační dovednosti 
856 4 0 |u https://www.bookport.cz/AccountSaml/SignIn/?idp=https://shibboleth.utb.cz/idp/shibboleth&returnUrl=/kniha/ako-sa-stat-pritazlivym-pre-ludi-12849/  |y Dostupné v BOOKPORT po přihlášení pomocí eduID